[Event "NRW-ch (Women)"]
[Site "NRW"]
[Date "2004.10.18"]
[Round "3"]
[White "Brinkmann, Andrea"]
[Black "Hund, Isabel"]
[Result "1/2-1/2"]
[WhiteElo "1778"]
[BlackElo "2000"]
[PlyCount "59"]
[EventDate "2004.10.16"]
[EventType "tourn"]
[EventRounds "7"]
[EventCountry "GER"]
[SourceTitle "EXT 2006"]
[Source "ChessBase"]
[SourceDate "2005.11.24"]
[SourceVersion "1"]
[SourceVersionDate "2005.11.24"]
[SourceQuality "1"]

1. e4 e5 2. Nf3 Nc6 3. Bc4 Bc5 4. d3 Nf6 5. Nc3 d6 6. Bg5 h6 7. Bxf6 Qxf6 8. Nd5 Qd8 9. c3 a6 10. d4 Ba7 11. a4 Be6 12. b4 exd4 13. cxd4 Nxb4 14. Qb3 Nxd5 15. exd5 Bc8 16. 0-0 0-0 17. Rfe1 Re8 18. Rxe8+ Qxe8 19. Re1 Qd8 20. h3 Rb8 21. Qe3 Bd7 22. a5 Qf6 23. Bd3 g6 24. Qxh6 Bxd4 25. Nxd4 Qxd4 26. Bxg6 fxg6 27. Re7 Be8 28. Qh7+ Kf8 29. Rxc7 Qf6 30. Qh6+ 1/2-1/2

[Event "BL2 Gr1 0304 (Women)"]
[Site "Germany"]
[Date "2003.11.30"]
[Round "4.1"]
[White "Wegner, Verena"]
[Black "Hund, Isabel"]
[Result "1/2-1/2"]
[WhiteElo "1723"]
[BlackElo "2092"]
[PlyCount "107"]
[EventDate "2003.10.25"]
[EventType "team-tourn"]
[EventRounds "7"]
[EventCountry "GER"]
[SourceTitle "EXT 2006"]
[Source "ChessBase"]
[SourceDate "2005.11.24"]
[SourceVersion "1"]
[SourceVersionDate "2005.11.24"]
[SourceQuality "1"]
[WhiteTeam "Heiden (W)"]
[BlackTeam "Eikamp (W)"]
[WhiteTeamCountry "GER"]
[BlackTeamCountry "GER"]

1. e4 e5 2. Nf3 Nc6 3. Bc4 Bc5 4. c3 Nf6 5. d3 d6 6. Nbd2 a6 7. Bb3 0-0 8. Nf1 Ne7 9. Ng3 Ng6 10. 0-0 c6 11. d4 Bb6 12. h3 Qc7 13. Re1 Be6 14. Bxe6 fxe6 15. Ng5 Rae8 16. dxe5 Nxe5 17. Be3 Bxe3 18. Rxe3 h6 19. Nf3 Nxf3+ 20. Rxf3 Nd7 21. Rxf8+ Rxf8 22. Qg4 Re8 23. Nh5 Re7 24. Qg6 Qb6 25. Rd1 d5 26. b3 Nf8 27. Qg3 Rf7 28. e5 Nd7 29. Rd4 Qc7 30. f4 Nc5 31. Qg6 Qe7 32. Rd1 Ne4 33. Rf1 Rf8 34. Rf3 Qf7 35. Qg4 g6 36. Kh2 Kh7 37. Ng3 Nxg3 38. Rxg3 Qf5 39. Qxf5 Rxf5 40. Rf3 Kg7 41. g4 Rf7 42. h4 Kf8 43. Kg3 c5 44. Kf2 Ke7 45. Ke3 Kd7 46. Rg3 Rg7 47. Kf3 Rf7 48. Ke3 Rg7 49. Rg2 b5 50. a3 Kc6 51. Rf2 Rf7 52. h5 gxh5 53. gxh5 Rf5 54. Rh2 1/2-1/2